You are what you choose: (Record no. 288016)
[ view plain ]
| 000 -LEADER | |
|---|---|
| fixed length control field | 00551nam a2200157Ia 4500 |
| 008 - FIXED-LENGTH DATA ELEMENTS--GENERAL INFORMATION | |
| fixed length control field | 150610s9999 xx 000 0 und d |
| 020 ## - INTERNATIONAL STANDARD BOOK NUMBER | |
| International Standard Book Number | 9781591842866 |
| 050 ## - LIBRARY OF CONGRESS CALL NUMBER | |
| Classification number | HF5415.32 |
| Item number | .D43 2009 |
| 100 ## - MAIN ENTRY--PERSONAL NAME | |
| Personal name | De Marchi, Scott |
| 245 ## - TITLE STATEMENT | |
| Title | You are what you choose: |
| Remainder of title | the habits of mind that really determine how we make decisions / |
| Statement of responsibility, etc | Scott de Marchi and James T. Hamilton. |
| 260 ## - PUBLICATION, DISTRIBUTION, ETC. (IMPRINT) | |
| Place of publication, distribution, etc | USA : |
| Name of publisher, distributor, etc | Penguin Group, |
| Date of publication, distribution, etc | 2009. |
| 300 ## - PHYSICAL DESCRIPTION | |
| Extent | 197pages ; |
| Dimensions | 22 cm. |
| 520 ## - SUMMARY, ETC. | |
| Summary, etc | Consumers' preferences. |
| 650 ## - SUBJECT ADDED ENTRY--TOPICAL TERM | |
| General subdivision | Consumer behavior. |
| 650 ## - SUBJECT ADDED ENTRY--TOPICAL TERM | |
| General subdivision | Consumer satisfaction. |
| Withdrawn status | Lost status | Damaged status | Home library | Current library | Shelving location | Date acquired | Total Checkouts | Full call number | Barcode | Date last seen | Price effective from | Koha item type |
|---|---|---|---|---|---|---|---|---|---|---|---|---|
| Stonyhurst Southville International School (Batangas) | Stonyhurst Southville International School (Batangas) | High School Section | 06/10/2015 | HF5415.32 .D43 2009 | US-1525 | 06/10/2015 | 06/10/2015 | Books |